Statystyki dla Dopasuj państwo do kształtu - wersja losowa

Kliknij tutaj aby rozwiązać quiz!

Ogólne statystyki

  • Ten quiz został rozwiązany 9 559 razy
  • Średni wynik to 9 z 20

Statystyki odpowiedzi

Odpowiedź% Poprawnych
Polska
94%
Chile
92%
Cypr
92%
Francja
92%
Włochy
92%
Australia
91%
Stany Zjednoczone
91%
Norwegia
90%
Wielka Brytania
90%
Islandia
89%
Niemcy
89%
Egipt
88%
Chiny
87%
Kanada
87%
Grecja
86%
Hiszpania
86%
Indie
86%
Ukraina
86%
Japonia
85%
Rosja
85%
Indonezja
84%
Chorwacja
83%
Meksyk
83%
Austria
81%
Brazylia
81%
Czechy
81%
Turcja
81%
Szwecja
80%
Maroko
79%
Portugalia
79%
Rumunia
79%
Finlandia
78%
Wietnam
78%
Bośnia i Hercegowina
75%
Węgry
75%
Nowa Zelandia
74%
Republika Południowej Afryki
74%
Tajlandia
74%
Argentyna
73%
Dania
73%
Filipiny
72%
Holandia
72%
Somalia
72%
Madagaskar
71%
Sri Lanka
71%
Białoruś
70%
Libia
70%
Szwajcaria
70%
Izrael
69%
Kuba
69%
Litwa
69%
Papua-Nowa Gwinea
69%
Irlandia
68%
Iran
67%
Mongolia
67%
Słowacja
67%
Arabia Saudyjska
66%
Kazachstan
66%
Kosowo
66%
Laos
66%
Nepal
66%
Algieria
65%
Mali
65%
Mjanma
65%
Bułgaria
63%
Etiopia
63%
Watykan
63%
Łotwa
62%
Serbia
62%
Albania
61%
Monako
61%
Namibia
61%
Pakistan
59%
Senegal
59%
Demokratyczna Republika Konga
57%
Gambia
57%
Estonia
56%
Czad
55%
Mołdawia
55%
Sudan
55%
Bangladesz
54%
Benin
54%
Gruzja
54%
Angola
53%
Oman
53%
Jemen
52%
Mauretania
52%
Tajwan
52%
Wenezuela
52%
Belgia
51%
Macedonia Północna
51%
Niger
51%
Uzbekistan
51%
Jordania
50%
Korea Południowa
50%
Irak
49%
Panama
48%
Słowenia
48%
Syria
48%
Malezja
47%
Peru
46%
Kamerun
44%
Malediwy
44%
Mozambik
44%
Zjednoczone Emiraty Arabskie
44%
Azerbejdżan
43%
Erytrea
43%
Malta
42%
Tunezja
42%
Turkmenistan
42%
Zambia
42%
Afganistan
41%
Korea Północna
40%
Czarnogóra
39%
Haiti
39%
Mikronezja
39%
Nigeria
39%
Paragwaj
39%
Armenia
38%
Luksemburg
38%
Kolumbia
37%
Nauru
37%
Malawi
34%
Gabon
33%
Liechtenstein
33%
Kirgistan
32%
Burkina Faso
31%
Ghana
31%
Gwinea Równikowa
31%
Jamajka
31%
Sudan Południowy
31%
Tadżykistan
31%
Bahamy
30%
Boliwia
30%
Ekwador
30%
Gujana
30%
Kuwejt
30%
Nikaragua
30%
Togo
30%
Wybrzeże Kości Słoniowej
30%
Republika Środkowoafrykańska
29%
Singapur
29%
Timor Wschodni
29%
Trynidad i Tobago
29%
Botswana
28%
Kenia
28%
Kongo
28%
Zimbabwe
27%
Bhutan
26%
Tanzania
26%
Katar
25%
Kiribati
25%
Liberia
25%
Gwinea
24%
Urugwaj
24%
Wyspy Salomona
24%
Brunei
23%
Vanuatu
23%
Wyspy Marshalla
23%
Liban
22%
Belize
21%
Kostaryka
21%
Dominikana
20%
Fidżi
20%
Andora
19%
Gwatemala
18%
Kambodża
18%
Tuvalu
18%
Sierra Leone
17%
Uganda
17%
Antigua i Barbuda
16%
Dżibuti
16%
Eswatini
16%
Gwinea Bissau
16%
Honduras
16%
San Marino
16%
Republika Zielonego Przylądka
14%
Saint Kitts i Nevis
14%
Tonga
14%
Palau
13%
Salwador
12%
Bahrajn
11%
Rwanda
11%
Samoa
11%
Surinam
11%
Barbados
10%
Wyspy Świętego Tomasza i Książeca
10%
Grenada
9%
Saint Lucia
9%
Burundi
8%
Lesotho
8%
Saint Vincent i Grenadyny
8%
Komory
7%
Seszele
7%
Dominika
6%
Mauritius
4%

Rozkład punktacji

Percentyl według liczby udzielonych odpowiedzi

Procent ludzi z każdym wynikiem

Twoja historia wyników

Nie rozwiązałeś tego quizu